Sports Quiz

Random Sports or Golf Quiz
Score 0/30 Timer 10:00
0 Plays Today
Question Answer Wrong Answers
What Happened First? Jack Nicklaus won his Final Major
90%
Tiger Woods Turned Professional
0%
Which Major Tournament was Played First? The British Open
85%
The Masters
10%
The U.S Open
0%
Which of these Tournaments was Played First? The British Open
80%
Wimbledon (Tennis)
10%
Which Man won his First Major First? Tiger Woods
80%
Phil Mickelson
15%
Which Golf Won his First Major First? Arnold Palmer
75%
Jack Nicklaus
20%
Which of these Golf Movies was Released First? 'Caddyshack'
75%
'Happy Gilmore'
5%
'The Greatest Game Ever Played'
15%
Which Golfer won his First Major First? John Daly
70%
Vijay Singh
20%
Ernie Els
0%
Which of these Golfers Won a Masters Tournament First? Ian Woosnam
70%
Tiger Woods
10%
Mark O'Meara
10%
Which Country Hosted the First Ryder Cup Played in Continental Europe? Spain
65%
France
20%
Germany
5%
Which Man won the First Ever Masters Tournament? Horton Smith
65%
Craig Wood
10%
Sam Snead
15%
Where was the First Ryder Cup Held? Worcester, Massachusetts
60%
Princeton, New Jersey
10%
Saratoga, New York
20%
Which University won the First Ever NCAA Division I Men's Golf National Championship? Stanford
60%
Princeton
15%
Harvard
20%
What was the Name of the First Golf Video Game Released by Electronic Arts? 'PGA Tour Golf'
60%
'Tiger Woods PGA Tour'
5%
'Driving Range'
25%
Who was the First Euopean to win the Masters? Seve Ballasteros
60%
Greg Norman
5%
Nick Faldo
25%
What Happened First? Queen Elizabeth II Becomes Queen of England
60%
The Ryder Cup Ends in a Draw
30%
Which of these US Presidents was the First to Publicly Advocate the Playing of Golf? William H. Taft
55%
Woodrow Wilson
15%
Harry Truman
20%
Which US President was the First Honorary Chair to the Presidents Cup? Gerald Ford
55%
Ronald Reagan
0%
George H.W Bush
35%
What Happened First? The Fall of the Berlin Wall
55%
The First Solheim Cup
40%
What Happened First? The End of the US Civil War
50%
The First Awarding of the Claret Jug
45%
What Happened First? The Founding of the Royal Golf Club of St. Andrew's
50%
The US Issued the Declaration of Independence
40%
Where was the First Solheim Cup Played? Florida
45%
New Jersey
20%
California
25%
Which Happened First? Continental Europe Played in a Ryder Cup
45%
Tiger Woods was Born
45%
What Happened First? The Usage of Metal Shaft Golf Clubs
45%
The Beginning of the Second World War
50%
Where was the First Women's US Open Played? Washington
45%
Florida
20%
North Carolina
30%
Which of these Golfers was Born First? Johnny Miller
45%
Tom Watson
40%
Greg Norman
5%
Which of these States Hosted a US Open First? Minnesota
40%
Ohio
35%
Texas
20%
Which Major TV Network Broadcast the First Televised US Open? NBC
40%
CBS
25%
ABC
30%
Where was the First Miniature Golf Course in America? North Carolina
35%
Georgia
40%
Virginia
15%
Where was the Ever First US Open Played? Rhode Island
35%
Pennsylvania
50%
Delaware
5%
What Happened First? The First U.S Women's Open
30%
The 20th Masters Tournament
60%
Remove Ads.
Support Sporcle.
Get the best of Sporcle when you Go Orange. This ad-free experience offers more features, more stats, and more fun while also helping to support Sporcle. Thank you for becoming a member.

You're not logged in!

Compare scores with friends on all Sporcle quizzes.
OR
Log In

Sporcle TV

Today on Sporcle TV


Watch our educational content, quiz creation guides, and fun videos on Sporcle TV.

Show Comments

Extras

Created May 8, 2020ReportNominate
Tags:Golf Quiz, The Masters

Top Quizzes Today


Score Distribution

Paid Content

Your Account Isn't Verified!

In order to create a playlist on Sporcle, you need to verify the email address you used during registration. Go to your Sporcle Settings to finish the process.

Report this User

Report this user for behavior that violates our Community Guidelines.

Details: